[Event "45th Olympiad Budapest 2024"]
[Site "Budapest"]
[Date "2024.09.20"]
[Round "9.4"]
[White "Santos Latasa, Jaime"]
[Black "Sanal, Vahap"]
[Result "1/2-1/2"]
[WhiteElo "2624"]
[BlackElo "2581"]
[PlyCount "62"]
[EventDate "2024.09.11"]
[EventType "team"]
[EventRounds "11"]
[EventCountry "HUN"]
[WhiteTeam "Spain"]
[BlackTeam "Turkiye"]
[WhiteTeamCountry "ESP"]

1. e4 e5 2. Nf3 Nc6 3. Bc4 Bc5 4. O-O Nf6 5. d3 O-O 6. h3 h6 7. c3 d6 8. Re1 a6 9. a4 Ba7 10. Nbd2 Re8 11. b4 Be6 12. Bxe6 Rxe6 13. Bb2 ({RR} 13. Qc2 Qd7 14. Nf1 d5 15. Be3 Bxe3 16. Nxe3 Ne7 17. a5 Ng6 18. g3 Rd8 19. Kg2 Qc6 20. Nf5 Ne7 21. Nxe7+ Rxe7 22. c4 dxe4 23. dxe4 Qe8 24. Rad1 c5 25. bxc5 Rc8 26. Nh4 Rxc5 27. Nf5 Rd7 {Ding,L (2791)-Carlsen,M (2863) chess24.com INT 2020 1-0 (33)}) 13... Re8 ({RR} 13... Ne7 14. Nf1 Ng6 15. c4 Qe8 16. Ng3 c6 17. a5 Rd8 18. Qc2 d5 19. Nf5 Bb8 20. g3 Ne7 21. Ne3 d4 22. Ng2 Nh7 23. Nd2 Qd7 24. Nb3 Ng5 25. Nc5 Nf3+ 26. Kh1 Qc8 27. Nxe6 Qxe6 28. g4 {Vidruska,R (2035)-Fang,K (1769) Budapest HUN 2024 0-1 (58)}) 14. Nf1 $146 ({RR} 14. b5 Ne7 15. c4 Ng6 16. d4 Qd7 17. Qb3 axb5 18. cxb5 exd4 19. Nxd4 d5 20. exd5 Qxd5 21. Qxd5 Nxd5 22. Nf5 f6 23. Nb3 Ngf4 24. Rxe8+ Rxe8 25. a5 Bxf2+ 26. Kxf2 Re2+ 27. Kf3 Rxb2 28. Nbd4 Kf7 {Pacher,M (2460)-Ongut,T (2281) Hungary HUN 2023 ½-½ (35)}) 14... Ne7 15. Ng3 Qd7 16. d4 Ng6 17. c4 c6 18. Qc2 Rad8 19. Rad1 Qc8 20. c5 Bb8 21. cxd6 Bxd6 22. dxe5 Nxe5 23. Nxe5 Bxe5 24. Bxe5 Rxe5 25. f4 Ree8 26. e5 Rxd1 27. Rxd1 Nd5 28. Rd4 Qe6 29. Re4 Qg6 30. Qf2 f5 31. Rd4 Qe6 1/2-1/2

[Event "45th Olympiad Budapest 2024"]
[Site "Budapest"]
[Date "2024.09.20"]
[Round "9.1"]
[White "Volokitin, Andrei"]
[Black "Kacharava, Nikolozi"]
[Result "1/2-1/2"]
[WhiteElo "2660"]
[BlackElo "2511"]
[PlyCount "167"]
[EventDate "2024.09.11"]
[EventType "team"]
[EventRounds "11"]
[EventCountry "HUN"]
[WhiteTeam "Ukraine"]
[BlackTeam "Georgia"]
[WhiteTeamCountry "UKR"]
[BlackTeamCountry "GEO"]

1. e4 e5 2. Nf3 Nc6 3. Bb5 a6 4. Ba4 Nf6 5. O-O b5 6. Bb3 Bc5 7. a4 Rb8 8. c3 d6 9. d4 Bb6 10. Qd3 Bd7 ({RR} 10... O-O 11. Bg5 h6 12. Bxf6 Qxf6 13. axb5 axb5 14. Qxb5 Ne7 15. dxe5 Qf4 16. Kh1 Qxe4 17. exd6 cxd6 18. Nbd2 Qf5 19. Qxf5 Bxf5 20. Kg1 d5 21. Rfe1 Rb7 22. c4 Rd8 23. h3 g6 24. cxd5 Nxd5 25. Bxd5 {Giri,A (2764)-Grischuk,A (2777) chess24.com INT 2020 ½-½ (36)}) ({RR} 10... O-O 11. axb5 axb5 12. Bg5 exd4 13. cxd4 h6 14. Bh4 g5 15. e5 gxh4 16. Qg6+ Kh8 17. Qxh6+ Nh7 18. Bc2 f5 19. exf6 Rf7 20. Ng5 Qxf6 21. Nxf7+ Qxf7 22. Bxh7 Qxh7 23. Qf8+ Qg8 24. Qh6+ Qh7 25. Qf8+ {Volokitin,A (2656)-Mamedov,R (2673) Terme Catez 2021 ½-½}) 11. Be3 $146 ({RR} 11. axb5 axb5 12. Bg5 O-O 13. Nbd2 Kh8 14. Rfd1 Qe8 15. Bc2 Nh5 16. dxe5 Nxe5 17. Nxe5 dxe5 18. Nc4 bxc4 19. Qxd7 f6 20. Qxe8 Rfxe8 21. Bc1 Red8 22. Rxd8+ Rxd8 23. g3 g6 24. Ra4 Ng7 25. Rxc4 Ne6 {Bachner,K (1887)-Wu,Y (1979) Untersiebenbrunn 2012 ½-½ (41)}) ({RR} 11. Bg5 h6 12. Bh4 exd4 13. Nxd4 Ne5 14. Qe2 Ng6 15. Bg3 O-O 16. Nd2 Re8 17. a5 Ba7 18. Rfe1 d5 19. e5 c5 20. N4f3 Nh5 21. Bxd5 Nxg3 22. hxg3 Bf5 23. Be4 Bxe4 24. Qxe4 Nxe5 25. Nxe5 Qxd2 {Belli,G (2109)-Di Trapani,D (2161) Vasto ITA 2024 1-0 (31)}) ({RR} 11. Bg5 h6 12. Bh4 O-O 13. axb5 axb5 14. Na3 Qe7 15. Rfe1 Na5 16. Ba2 c5 17. dxe5 dxe5 18. Nxb5 Bd8 19. c4 g5 20. Bg3 Nc6 21. Bb1 Nh5 22. Nxe5 Nxe5 23. Bxe5 Qxe5 24. Qxd7 Nf4 25. Qf5 Qxb2 {Tomasi,A (2300)-Jeet,J (2258) Paris 2019 1-0 (39)}) ({RR} 11. axb5 axb5 12. Bg5 h6 13. Bh4 O-O 14. Na3 b4 15. Nc4 bxc3 16. bxc3 exd4 17. Nxb6 Rxb6 18. cxd4 Nb4 19. Qb1 Bg4 20. e5 Bxf3 21. Bxf6 gxf6 22. Qg6+ Kh8 23. Qxh6+ Kg8 24. exf6 Qxf6 25. Qxf6 Bd5 {Azarov,S (2604)-Zhang,R Chess.com INT 2020 1-0}) 11... O-O 12. Nbd2 h6 13. h3 Re8 14. dxe5 Nxe5 15. Nxe5 dxe5 16. a5 Bxe3 17. Qxe3 Qe7 18. Rfd1 c5 19. Bd5 c4 20. Nf3 Bc8 21. Bc6 Rf8 22. Qd2 Bb7 23. Qd6 Qxd6 24. Rxd6 Ne8 25. Bxe8 Rfxe8 26. Ne1 Bxe4 27. Rxa6 Ra8 28. Rb6 Reb8 29. Rxb8+ Rxb8 30. f3 Bg6 31. g4 Kf8 32. Ng2 Ke7 33. Ne3 Kd6 34. Rd1+ Kc5 35. Rd5+ Kc6 36. Rxe5 Ra8 37. f4 Bd3 38. Nd5 Rxa5 39. Nb4+ Kb6 40. Re1 Ra7 41. Kf2 Rd7 42. Re8 Bb1 43. Ke3 Rd1 44. Rg8 g6 45. Rb8+ Kc5 46. Rc8+ Kb6 47. Rc6+ Kb7 48. Rf6 Rd7 49. f5 h5 50. gxh5 gxh5 51. h4 Kc7 52. Kf4 Rd2 53. Ke5 Re2+ 54. Kd5 Kd7 55. Rxf7+ Ke8 56. Rf6 Rxb2 57. Kc5 Rh2 58. Nd5 Kd7 59. Rd6+ Ke8 60. f6 Rxh4 61. Rb6 Be4 62. Rxb5 Bxd5 63. Kxd5 Kf7 64. Ke5 Rh3 65. Rb7+ Kf8 66. Kd4 Rh4+ 67. Kd5 Rf4 68. Rh7 Rxf6 69. Rxh5 Ke7 70. Kxc4 Kd7 71. Rc5 Rb6 72. Kd4 Rd6+ 73. Rd5 Kc6 74. Rxd6+ Kxd6 75. Kc4 Kc6 76. Kb4 Kb6 77. c4 Kc6 78. c5 Kc7 79. Kb5 Kb7 80. c6+ Kc7 81. Kc5 Kc8 82. Kd6 Kd8 83. c7+ Kc8 84. Kc6 1/2-1/2

[Event "45th Olympiad Budapest 2024"]
[Site "Budapest"]
[Date "2024.09.20"]
[Round "9.2"]
[White "Paichadze, Luka"]
[Black "Ivanchuk, Vasyl"]
[Result "1/2-1/2"]
[WhiteElo "2516"]
[BlackElo "2635"]
[PlyCount "84"]
[EventDate "2024.09.11"]
[EventType "team"]
[EventRounds "11"]
[EventCountry "HUN"]
[WhiteTeam "Georgia"]
[BlackTeam "Ukraine"]
[WhiteTeamCountry "GEO"]
[BlackTeamCountry "UKR"]

1. e4 {RR} e5 2. Nf3 Nf6 3. Nxe5 d6 4. Nf3 Nxe4 5. d3 Nf6 6. d4 d5 7. h3 Bd6 8. Bd3 O-O 9. O-O h6 10. Re1 Re8 11. Rxe8+ ({RR} 11. Nbd2 Rxe1+ 12. Qxe1 Nc6 13. c3 Ne7 14. Nf1 Bf5) 11... Qxe8 12. Nc3 ({RR} 12. Be3) 12... c6 ({RR} 12... a6 13. Ne2 Nc6 14. Bf4 Nb4 15. Bxd6 cxd6 16. Ng3 Qa4 17. a3 Nxd3 18. Qxd3 Bd7 19. Re1 Re8 20. Rxe8+ Nxe8 21. Nh4 Nf6 22. Nhf5 Bxf5 23. Nxf5 Qd7 24. g4 Qe6 25. Qe3 Ne8 26. f3 h5 27. Kf2 {Fedorchuk,S (2546)-Druska,J (2466) Porticcio FRA 2024 1-0 (42)}) 13. Qe2 $146 ({RR} 13. Ne2 Ne4 ({RR} 13... Be6) 14. Bf4 Bxf4 15. Nxf4 Bf5 16. c3 Nd7 17. Qc2 Ndf6 18. Re1 Qb8 19. Ne2 ({RR} 19. Ne5) 19... Qc7 20. Qc1 Nd6 21. Bxf5 Nxf5 22. Qf4 Qxf4 23. Nxf4 Re8 24. Rxe8+ Nxe8 25. Kf1 Kf8 26. Ke2 Ke7 27. Kd3 a5 {Lagarde,M (2501)-Bedouin,X (2414) Sautron 2012 EXT 2014 [RR] ½-½ (42)}) ({RR} 13. Be3 Nbd7 14. Qc1 Qf8 15. Nh4 Nb6 16. b3 Be6 17. a4 a5 18. Nf5 Bxf5 19. Bxf5 Re8 20. Bd3 Nc8 21. Nb1 Ne4 22. Nd2 f5 23. Nf3 Qf6 24. c4 Ne7 25. Qc2 Bb4 26. Rf1 Bd6 27. Bc1 Ng6 {Rapport,R (2763)-Nihal,S (2650) Chess.com INT 2021 ½-½ (55)}) ({RR} 13. Ne2 Ne4 14. Bf4 Bxf4 15. Nxf4 Bf5 16. c4 dxc4 17. Bxc4 Nd6 18. Bb3 Nd7 19. Qd2 Qf8 20. Ne5 Nxe5 21. dxe5 Ne4 22. Qe3 Qc5 23. e6 fxe6 24. Re1 Qxe3 25. Rxe3 Nc5 26. g4 g5 27. Nxe6 Bxe6 {Savic,M (2545)-Low,Z (2387) Veliko Gradiste 2018 ½-½ (52)}) 13... Nbd7 14. Qxe8+ Nxe8 15. Ne2 Nf8 16. Bf4 Bxf4 17. Nxf4 Nd6 18. Re1 Bf5 19. Bxf5 Nxf5 20. c3 f6 21. g4 Nd6 22. Re7 Re8 23. Rc7 Rc8 24. Re7 Re8 25. Rc7 Rd8 26. Nd2 Rd7 27. Rxd7 Nxd7 28. Nd3 Kf7 29. f3 Nf8 30. Kf2 Ne6 31. h4 Ke7 32. Ke3 g5 33. hxg5 hxg5 34. b3 Nb5 35. Nb1 b6 36. f4 gxf4+ 37. Nxf4 Nxf4 38. Kxf4 Ke6 39. g5 fxg5+ 40. Kxg5 Nd6 41. Nd2 Nb5 42. Nb1 Nd6 1/2-1/2

[Event "45th Olympiad Budapest 2024"]
[Site "Budapest"]
[Date "2024.09.20"]
[Round "9.3"]
[White "Korobov, Anton"]
[Black "Jobava, Baadur"]
[Result "1-0"]
[WhiteElo "2650"]
[BlackElo "2582"]
[PlyCount "73"]
[EventDate "2024.09.11"]
[EventType "team"]
[EventRounds "11"]
[EventCountry "HUN"]
[WhiteTeam "Ukraine"]
[BlackTeam "Georgia"]
[WhiteTeamCountry "UKR"]
[BlackTeamCountry "GEO"]

1. d4 d5 2. Nf3 c6 3. c4 Nf6 4. e3 Bg4 5. h3 Bh5 6. Nc3 e6 7. g4 Bg6 8. Ne5 Bb4 9. Nxg6 hxg6 10. Bg2 Nbd7 11. Bd2 Nb6 $146 ({RR} 11... dxc4 12. Qe2 Nb6 13. O-O Qc7 14. Rac1 Rh4 15. f4 Qe7 16. a3 Ba5 17. e4 Rd8 18. Be3 Rh8 19. Nd1 Kf8 20. b4 cxb3 21. Rc5 {1-0 (21) Ghaem Maghami,E (2531)-Nezad,H (2411) Amman 2019}) ({RR} 11... dxc4 12. Qe2 Nb6 13. O-O-O Qe7 14. e4 O-O-O 15. e5 Nfd5 16. Ne4 f5 17. Bg5 Qc7 18. Bxd8 Rxd8 19. Nd6+ Bxd6 20. exd6 Qxd6 21. Qe5 Qxe5 22. dxe5 Nd7 23. Rhe1 Nc5 24. Bf1 b5 25. Rd4 Rf8 26. gxf5 {Aradhya,G (2395)-Hovhannisyan,R (2601) chess.com INT 2023 0-1 (61)}) ({RR} 11... dxc4 12. g5 Nd5 13. e4 N5b6 14. O-O e5 15. d5 Nc5 16. a3 Bxc3 17. Bxc3 Qxg5 18. f4 exf4 19. Qd4 Ncd7 20. Qxg7 O-O-O 21. Bd2 Qe5 22. Qxe5 Nxe5 23. Bxf4 Nbd7 24. dxc6 bxc6 25. Rac1 Rde8 26. Rc3 {Volodin,A (2506)-Ragger,M (2655) Warsaw 2012 ½-½ (62)}) 12. cxd5 cxd5 13. Qb3 Be7 14. Qb5+ Kf8 15. b3 a6 16. Qd3 Nc8 17. O-O Nd6 18. f3 Qb6 19. e4 Nb5 20. Nxb5 Qxb5 21. Qxb5 axb5 22. a4 dxe4 23. fxe4 e5 24. axb5 Rd8 25. Rfc1 Ne8 26. Ra7 Rxd4 27. Be3 Rd3 28. Bf2 Rd7 29. Rc8 Bd6 30. b6 Re7 31. Raa8 f5 32. g5 Kf7 33. Bf1 fxe4 34. Bc4+ Kf8 35. Kg2 Rh5 36. Be3 Rh4 37. Bb5 1-0

[Event "45th Olympiad Budapest 2024"]
[Site "Budapest"]
[Date "2024.09.20"]
[Round "9.4"]
[White "Pantsulaia, Levan"]
[Black "Onyshchuk, Volodymyr"]
[Result "0-1"]
[WhiteElo "2516"]
[BlackElo "2610"]
[PlyCount "108"]
[EventDate "2024.09.11"]
[EventType "team"]
[EventRounds "11"]
[EventCountry "HUN"]
[WhiteTeam "Georgia"]
[BlackTeam "Ukraine"]
[WhiteTeamCountry "GEO"]
[BlackTeamCountry "UKR"]

1. Nf3 Nf6 2. g3 g6 3. Bg2 Bg7 4. c4 O-O 5. O-O d6 6. Nc3 e5 7. d3 Nc6 8. Rb1 a5 9. a3 Re8 10. Bg5 h6 11. Bxf6 Bxf6 12. Nd2 Bg7 13. c5 ({RR} 13. Nd5 Ne7 14. b4 axb4 15. axb4 c6 16. Nxe7+ Rxe7 17. b5 d5 18. Qc2 Be6 19. Rfc1 f5 20. Nb3 e4 21. Rd1 Qe8 22. cxd5 cxd5 23. dxe4 dxe4 24. Nd4 Rc8 25. Qa4 Bc4 26. e3 Bd3 27. Rbc1 Rd8 {Praggnanandhaa,R (2684)-Mamedyarov,S (2740) Kolkata IND 2022 ½-½ (59)}) ({RR} 13. e3 Ne7 14. b4 axb4 15. axb4 c6 16. b5 d5 17. bxc6 bxc6 18. cxd5 cxd5 19. Nb3 Rb8 20. Qc2 h5 21. h4 Qd6 22. Na4 Bf5 23. Nbc5 Rec8 24. Rxb8 Qxb8 25. Qa2 Qd6 26. e4 dxe4 27. Nxe4 Qxd3 {Giri,A (2745)-Shevchenko,K (2677) Warsaw POL 2024 ½-½ (66)}) 13... Nd4 14. cxd6 Qxd6 $146 ({RR} 14... cxd6 15. e3 Ne6 16. Rc1 Nc5 17. Nc4 a4 18. Nb5 Bf8 19. d4 Nb3 20. Rc3 exd4 21. exd4 Qd7 22. Nb6 Qxb5 23. Nxa8 Qa5 24. Nc7 Rd8 25. Re1 Bg7 26. Re8+ Rxe8 27. Nxe8 Be6 28. Nxg7 Kxg7 29. Bxb7 {Golubov,S (2487)-Gabrielian,A (2526) Chess.com INT 2017 1-0 (43)}) 15. e3 Nf5 16. Nc4 Qd8 17. Qc2 h5 18. b4 axb4 19. axb4 h4 20. Ra1 Rxa1 21. Rxa1 h3 22. Bh1 c6 23. b5 e4 24. Bxe4 cxb5 25. Nb2 Qf6 26. Ncd1 Nd6 27. Ra8 Kh7 28. Bh1 Qg5 29. Kf1 Qh5 30. Ke1 Qg4 31. Qc5 Bf8 32. Qc7 Be6 33. Rxe8 Nxe8 34. Qxb7 Qb4+ 35. Ke2 Qb3 36. Qc6 Ba3 37. Qc1 Nf6 38. Bf3 Nd7 39. Qd2 Ne5 40. Be4 Ng4 41. f3 Nxh2 42. Kf2 f5 43. Bb7 Bd5 44. Bxd5 Qxd5 45. Qe2 Bxb2 46. Nxb2 g5 47. Nd1 g4 48. e4 Qc5+ 49. Qe3 Qc2+ 50. Qe2 Qxe2+ 51. Kxe2 Nxf3 52. exf5 Nd4+ 53. Kf2 Nxf5 54. d4 b4 0-1

[Event "45th Olympiad Budapest 2024"]
[Site "Budapest"]
[Date "2024.09.20"]
[Round "9.1"]
[White "Albornoz Cabrera, Carlos Daniel"]
[Black "Predke, Alexandr"]
[Result "0-1"]
[WhiteElo "2579"]
[BlackElo "2671"]
[PlyCount "102"]
[EventDate "2024.09.11"]
[EventType "team"]
[EventRounds "11"]
[EventCountry "HUN"]
[WhiteTeam "Cuba"]
[BlackTeam "Serbia"]
[WhiteTeamCountry "CUB"]
[BlackTeamCountry "SRB"]

1. e4 e5 2. Nf3 Nc6 3. Bb5 a6 4. Ba4 Nf6 5. O-O b5 6. Bb3 Bc5 7. c3 d6 8. d4 Bb6 9. Re1 O-O 10. Bg5 h6 11. Bh4 Re8 ({RR} 11... Bg4 12. Bd5 Bd7 13. Nbd2 Re8 14. dxe5 dxe5 15. a4 Rb8 16. axb5 axb5 17. b4 Qe7 18. Qe2 Qd6 19. Bb3 Nh5 20. Rad1 Nf4 21. Qf1 Qg6 22. Bg3 Qf6 23. Bxf4 Qxf4 24. g3 Qf6 25. Kg2 Ne7 26. Qe2 {Dominguez Perez,L (2748)-Caruana,F (2805) chess.com INT 2024 0-1 (83)}) 12. Qd3 $146 ({RR} 12. d5 Nb8 13. a4 Bb7 14. axb5 axb5 15. Na3 c6 16. dxc6 Bxc6 17. Bc2 Na6 18. b4 Nc7 19. Bd3 g5 20. Bg3 Ra7 21. Qe2 Qa8 22. Nc2 Nd7 23. Nd2 Rxa1 24. Rxa1 Qb7 25. Qh5 Kg7 26. h4 Nf6 {Vyravanathan,S (1632)-Lee,M (2127) Toronto 2013 0-1 (48)}) ({RR} 12. Nbd2 Bb7 13. Nf1 Nb8 14. Ng3 Nbd7 15. Nf5 exd4 16. N3xd4 Bxe4 17. f3 Bxf5 {0-1 (17) Noe,C (2520)-Radhakrishnan,S (2033) chess.com INT 2024}) ({RR} 12. Bd5 Bb7 13. Nbd2 Rb8 14. h3 exd4 15. Bxc6 Bxc6 16. cxd4 Bb7 17. e5 g5 18. Nxg5 dxe5 19. Nge4 Kf8 20. Nxf6 Qxd4 21. Nf3 Bxf3 22. Qxd4 Bxd4 23. Nxe8 Bc6 24. Nxc7 a5 25. Rac1 Bd7 26. b3 f5 {Serentill Tost,E (1669)-Samper Gonzalez,P (1345) Barcelona 2019 1-0 (38)}) 12... Na5 13. Bc2 c5 14. dxc5 dxc5 15. Qe2 c4 16. Rd1 Qe7 17. Nbd2 Qe6 18. Bg3 Bc7 19. b4 Nc6 20. a4 Bb7 21. Nf1 Ne7 22. Nh4 Qc6 23. Re1 Rad8 24. a5 g5 25. Nf3 Ng6 26. Rad1 Qe6 27. h3 Kg7 28. Bh2 Kh7 29. Qe3 Qc6 30. Ng3 Nf4 31. Nf5 Bc8 32. Rxd8 Bxd8 33. Qa7 Qc7 34. Qe3 Bxf5 35. exf5 Qc6 36. Qa7 Re7 37. Qe3 Bc7 38. h4 Kg7 39. hxg5 hxg5 40. Bxf4 gxf4 41. Qd2 e4 42. Ng5 e3 43. fxe3 fxe3 44. Rxe3 Bf4 45. Ne6+ fxe6 46. Rg3+ Bxg3 47. Qg5+ Kf8 48. Qxf6+ Rf7 49. Qh6+ Kg8 50. f6 Qd6 51. Qh5 Rxf6 0-1

[Event "45th Olympiad Budapest 2024"]
[Site "Budapest"]
[Date "2024.09.20"]
[Round "9.2"]
[White "Sarana, Alexey"]
[Black "Quesada Perez, Luis Ernesto"]
[Result "1/2-1/2"]
[WhiteElo "2713"]
[BlackElo "2578"]
[PlyCount "85"]
[EventDate "2024.09.11"]
[EventType "team"]
[EventRounds "11"]
[EventCountry "HUN"]
[WhiteTeam "Serbia"]
[BlackTeam "Cuba"]
[WhiteTeamCountry "SRB"]
[BlackTeamCountry "CUB"]

1. d4 d5 2. c4 c6 3. Nf3 Nf6 4. Nc3 e6 5. Bg5 h6 6. Bh4 dxc4 7. e4 g5 8. Bg3 b5 9. Be2 Nbd7 10. Nd2 $146 ({RR} 10. O-O b4 11. e5 bxc3 12. exf6 cxb2 13. Rb1 c3 14. Qc2 Qa5 15. Nd2 cxd2 16. Qxc6 Qd5 17. Qa4 Qb7 18. Bf3 Qa6 19. Qb3 Nb6 20. Bc6+ Bd7 21. Bxa8 Nxa8 22. Qb8+ Bc8 23. Qxa8 Ba3 24. Rfd1 O-O {Mikenas,V-Klovans,J Soviet Union 1978 0-1}) ({RR} 10. e5 Nd5 11. O-O Bb7 12. Nxd5 cxd5 13. Ne1 Qb6 14. Bh5 Be7 15. f4 O-O-O 16. fxg5 Bxg5 17. Nc2 f5 18. exf6 Nxf6 19. h4 Ne4 20. Be5 Bxh4 21. Qg4 Bg5 22. Rf7 Rhg8 23. Qh3 Rd7 24. Raf1 Be7 {Radjabov,T (2765)-Vachier Lagrave,M (2778) Chess.com INT 2020 ½-½ (39)}) ({RR} 10. Qc2 Nh5 11. Rd1 Bb7 12. d5 Nxg3 13. hxg3 cxd5 14. exd5 exd5 15. Nxd5 Bg7 16. Ne3 Qa5+ 17. Kf1 Rd8 18. Nf5 Kf8 19. Rd6 g4 20. N3d4 Be5 21. Qc1 Nf6 22. Rxh6 Rxd6 23. Rxh8+ Ng8 24. Rxg8+ Kxg8 {Sarana,A (2712)-Sindarov,J (2668) Tashkent UZB 2024 1-0}) ({RR} 10. e5 Nh5 11. Nd2 Nxg3 12. fxg3 Be7 13. Bh5 Rf8 14. Qg4 Qb6 15. O-O Nxe5 16. Qe4 Nd7 17. Rxf7 Rxf7 18. Rf1 Nf6 19. Qg6 Qxd4+ 20. Kh1 Bd7 21. Qxf7+ Kd8 22. Nf3 Qc5 23. Rd1 Kc7 24. Nd4 Rd8 {Danschczyk,C (2305)-Werner,M (2345) Germany 1994 ½-½ (37)}) ({RR} 10. O-O b4 11. Na4 Nxe4 12. Be5 Nef6 13. Bxc4 g4 14. Bxf6 Qxf6 15. Ne5 Nxe5 16. dxe5 Qxe5 17. Qxg4 Bg7 18. Rfe1 Qg5 19. Qe4 O-O 20. Rad1 Rb8 21. h4 Qe7 22. Rd3 Kh8 23. Rg3 f5 24. Qf4 Rb7 {Ikonnikov,V (2555)-Chiburdanidze,M (2520) Muenster 1995 ½-½ (53)}) 10... Bb7 11. Qc2 Qb6 12. a4 a6 13. Rd1 h5 14. h4 Rg8 15. e5 Nd5 16. hxg5 c5 17. axb5 axb5 18. dxc5 Nxc5 19. Nde4 Nxe4 20. Nxe4 Bb4+ 21. Kf1 O-O-O 22. Rxh5 Ne7 23. Nd6+ Bxd6 24. exd6 Nf5 25. Qc3 Nxg3+ 26. Qxg3 Bd5 27. Rh7 Qxd6 28. Qxd6 Rxd6 29. f4 Rd7 30. Bh5 Rf8 31. Kf2 b4 32. Ke3 Rc7 33. Rc1 Bxg2 34. g6 fxg6 35. Rxc7+ Kxc7 36. Rxc4+ Kd6 37. Bxg6 Rg8 38. Be4 b3 39. Rc6+ Kd7 40. Rb6 Bxe4 41. Kxe4 Rg3 42. Rb4 Kc6 43. Rb8 1/2-1/2

[Event "45th Olympiad Budapest 2024"]
[Site "Budapest"]
[Date "2024.09.20"]
[Round "9.3"]
[White "Berdayes Ason, Dylan Isidro"]
[Black "Indjic, Aleksandar"]
[Result "1/2-1/2"]
[WhiteElo "2474"]
[BlackElo "2611"]
[PlyCount "73"]
[EventDate "2024.09.11"]
[EventType "team"]
[EventRounds "11"]
[EventCountry "HUN"]
[WhiteTeam "Cuba"]
[BlackTeam "Serbia"]
[WhiteTeamCountry "CUB"]
[BlackTeamCountry "SRB"]

1. d4 d5 2. c4 e6 3. Nc3 Nf6 4. cxd5 exd5 5. Bg5 Be7 6. e3 h6 7. Bh4 Bg4 8. Qc2 O-O 9. h3 Be6 10. Nf3 Ne8 11. Bg3 Bd6 12. Ne5 Nc6 13. Bb5 $146 ({RR} 13. Bf4 Qf6 14. Nxc6 bxc6 15. g3 Rb8 16. Bd3 g5 17. Bxd6 cxd6 18. f4 Ng7 19. O-O-O c5 20. f5 cxd4 21. exd4 Bxf5 22. Rhf1 Bxd3 23. Rxf6 Bxc2 24. Kxc2 Ne6 25. Nxd5 Kg7 26. Rdf1 Nxd4+ 27. Kd3 Nc6 {Gaal,Z (2341)-Antal,G (2559) Ajka HUN 2024 ½-½ (39)}) ({RR} 13. Nxc6 bxc6 14. Bxd6 cxd6 15. Bd3 Qg5 16. f4 Qe7 17. f5 Bd7 18. Qf2 Nf6 19. O-O-O c5 20. g4 Rfc8 21. Qf4 Qd8 22. Rhg1 cxd4 23. Qxd4 Qa5 24. g5 hxg5 25. Rxg5 Rxc3+ 26. bxc3 Qa3+ 27. Kd2 Qb2+ {Osmak,Y (2445)-Garcia Martin,M (2306) Petrovac MNE 2023 ½-½ (34)}) ({RR} 13. Nxc6 bxc6 14. Bxd6 cxd6 15. Bd3 c5 16. O-O Nf6 17. Rfd1 Qa5 18. Qa4 Qb6 19. Qa3 Rfc8 20. dxc5 dxc5 21. Rac1 c4 22. Be2 Rab8 23. Rd2 Qc5 24. Qa4 Rb4 25. Qd1 Qb6 26. Qe1 Qb7 27. Nd1 Rb8 {Wojtaszek,R (2668)-Erdos,V (2557) Budva MNE 2023 ½-½}) 13... Ne7 14. Bd3 f6 15. Bh7+ Kh8 16. Ng6+ Nxg6 17. Bxd6 Nxd6 18. Bxg6 c6 19. Ne2 Qa5+ 20. Kf1 Bf7 21. Nf4 Rae8 22. g4 Ne4 23. Kg2 Kg8 24. Rhe1 Bxg6 25. Nxg6 Rf7 26. f3 Nd6 27. b3 Nb5 28. Re2 Qc3 29. Qxc3 Nxc3 30. Ree1 Nb5 31. h4 Rd7 32. h5 Nd6 33. Kf2 a5 34. a4 Rdd8 35. Rac1 Ra8 36. Nf4 Re7 37. Ng6 1/2-1/2

[Event "45th Olympiad Budapest 2024"]
[Site "Budapest"]
[Date "2024.09.20"]
[Round "9.4"]
[White "Ivic, Velimir"]
[Black "Miranda Mesa, Elier"]
[Result "1-0"]
[WhiteElo "2599"]
[BlackElo "2512"]
[PlyCount "53"]
[EventDate "2024.09.11"]
[EventType "team"]
[EventRounds "11"]
[EventCountry "HUN"]
[WhiteTeam "Serbia"]
[BlackTeam "Cuba"]
[WhiteTeamCountry "SRB"]
[BlackTeamCountry "CUB"]

1. d4 {Edouard,Romain} d5 2. c4 c6 3. Nf3 Nf6 4. e3 Bf5 5. Nc3 e6 6. Nh4 Be4 7. f3 Bg6 8. Bd2 ({RR} 8. Qb3 Qc7 9. Bd2 Be7 10. Rc1 ({RR} 10. Nxg6 hxg6 11. g3 O-O 12. Bg2 dxc4 13. Qxc4 Nbd7 14. O-O e5) ({RR} 10. cxd5 cxd5 11. Bb5+ Nc6 12. O-O O-O 13. Nxg6 hxg6 14. Rfc1 Bd6) 10... Nbd7 11. g3 dxc4 12. Bxc4 O-O 13. Nxg6 hxg6 14. O-O e5 15. dxe5 ({RR} 15. Qc2 exd4 16. exd4 Nb6 17. Bb3 Qd7 18. Be3 Nbd5 19. Bg5 Rfe8) 15... Nxe5 ({RR} 15... Qxe5 16. Be2 Nc5 17. Qc2 Rad8 18. Kg2 g5) 16. Be2 Rad8 17. Rcd1 b5 18. Kg2 a6 19. Qc2 c5 20. e4 b4 21. Na4 Nc6 22. Be3) 8... Be7 9. Nxg6 hxg6 10. Qc2 a6 ({RR} 10... Nbd7 11. O-O-O Nb6 ({RR} 11... Qc7 12. h4 dxc4 13. Bxc4 b5 14. Bd3 a6 15. g4 ({RR} 15. Ne4 Nxe4 16. Bxe4 Rc8 17. Kb1 Nf6 18. Rc1 Nxe4 19. Qxe4 Qd7 20. Be1 f5 21. Qc2 c5) 15... c5 16. g5 cxd4 17. exd4 Nh5 18. d5) 12. c5 Nbd7 13. Kb1 Qb8 ({RR} 13... b6 14. cxb6 axb6 15. e4 b5 16. exd5 ({RR} 16. e5 Ng8) 16... exd5 ({RR} 16... Nxd5 17. Nxd5 cxd5 18. Bxb5) 17. g4) 14. h4 ({RR} 14. e4 Rxh2 ({RR} 14... dxe4 15. Nxe4 Nd5 16. h4) 15. Bd3 Rxg2 16. Rh8+ Nf8) 14... g5 ({RR} 14... b6 15. cxb6 axb6 16. e4 b5 17. exd5 Nxd5 18. Nxd5 cxd5 19. Qc6 b4 20. Bb5 Qa7) 15. Be1 g4 16. e4 gxf3 17. gxf3 b6 18. exd5 exd5 19. cxb6 axb6 20. Ne2 Qa7 21. b3 Nh5 22. Ng3 g6 ({RR} 22... Nf4 23. Nf5) 23. Nxh5 Rxh5 24. f4 Kf8 25. Be2 {Giri,A (2763)-Caruana,F (2842) Ekaterinburg 2020 CBM 202 [Edouard,Romain] ½-½ (42)}) ({RR} 10... dxc4 11. Bxc4 Nd5 12. O-O-O Nb4 13. Qb1 b5 14. Be2 a5 15. a3 Nd5 16. Nxd5 Qxd5 17. Qe4 Qa2 18. Qb1 Qd5 19. Qe4 Qa2 20. Kc2 Bxa3 21. Bc3 a4 22. Bxb5 f5 23. Qd3 Qb3+ 24. Kd2 Bb4 25. Rb1 {Santos Latasa,J (2631)-Ivic,V (2592) chess.com INT 2024 0-1}) 11. O-O-O b5 ({RR} 11... dxc4 12. Bxc4 Nbd7 13. e4 b5 ({RR} 13... Nb6 14. Ne2 Nxc4 15. Qxc4) 14. Be2 ({RR} 14. Bxe6 fxe6 15. e5 Nd5 16. Nxd5 cxd5 17. Qxg6+ Kf8 18. Qxe6 Nb6) 14... c5 15. dxc5 Nxc5 16. e5 Nfd7 ({RR} 16... Nd5 17. Nxd5 Qxd5 18. Kb1) 17. f4) ({RR} 11... Nbd7 12. Kb1 dxc4 13. Bxc4 c5 14. g4 b5 15. Bxe6 fxe6 16. g5 Nd5 17. Qxg6+ Kf8 18. Qxe6 Nc7 19. Qf5+ Kg8 20. Ne4 Nf8 21. Ba5 Qd5 22. Qg4 Nce6 23. dxc5 Qc6 24. h4 Nxc5 25. Rc1 Qd5 26. Nf6+ {Ostrovskiy,A (2411)-Sethuraman,S (2381) New York USA 2024 1-0 (52)}) 12. c5 Nbd7 $146 ({RR} 12... Qc7 13. g4 Rxh2 14. Bd3 Rxh1 15. Rxh1 Qg3 16. Qd1 Nbd7 17. Qf1 Qc7 18. Rh8+ Nf8 19. Be1 g5 20. Kb1 Rd8 21. Ne2 Kd7 22. Bg3 Qa5 23. Nc1 Re8 24. Nb3 Qd8 25. a4 Ng6 26. Rh2 bxa4 27. Nc1 {Ding,L (2791)-Grischuk,A (2777) Chess.com INT 2020 1-0 (35)}) 13. g4 e5 14. h4 Qc7 15. Kb1 Nf8 16. Be1 exd4 17. exd4 Ne6 18. Ne2 Nd7 19. Bg3 Qd8 20. Bg2 Bxh4 21. f4 g5 22. f5 Nc7 23. Bd6 f6 24. Nc3 b4 25. Qe2+ Kf7 26. Nxd5 Re8 27. Qc4 1-0